| 000 | | | 03770nmc2a22000003x 450 |
| 001 | | | 8fbd24d9-20af-42bc-9aea-869228591a3a |
| 005 | | | 20181224161534.0 |
| 100 | ## | $a | 20170627l18451845k l0rusy0189 ca |
| 101 | 0# | $a | rus |
| 102 | ## | $a | RU |
| 200 | 1# | $a | Дело о подарках, всемилостивейше пожалованных артистам по санкт-петербургским театрам |
| | $j | 19 июня - 10 ноября 1845 г. |
| 251 | ## | $c | Дело |
| 300 | ## | $a | По Канцелярии директора за 1845 год |
| 300 | ## | $a | На обложке дела даты начала и конца указаны ошибочно |
| 801 | #0 | $a | RU |
| | $b | РГИА |
| | $c | 20170627 |
| | $g | RCR |
| 801 | #1 | $a | RU |
| | $b | ГлавНИВЦ |
| | $c | 20170627 |
| | $2 | rusmarc |
| 801 | #2 | $a | RU |
| | $b | ПБ им. Б.Н. Ельцина |
| | $c | 20181224 |
| | $g | RCR |
| | $2 | rusmarc |
| 850 | ## | $a | РГИА |
| 852 | ## | $a | РГИА |
| | $e | Федеральное казенное учреждение "Российский государственный исторический архив" (РГИА) |
| | $j | 10552 |
| 937 | ## | $h | РГИА |
| | $d | 12245324 |
| | $a | ASBIBLIO_SCAN |
| 462 | #0 | $1 | 001dd3991dc-24e1-42ec-8838-ca4255420416 |
| | $1 | 2001 |
| | $a | 1746-1850 гг. |
| | $1 | 251 |
| | $c | Опись |
| | $1 | 852 |
| | $j | 1 |
| 461 | #0 | $1 | 0019264ebf8-de62-4f1a-9eb4-9f22098dbbd5 |
| | $1 | 2001 |
| | $a | Дирекция императорских театров МИДв |
| | $1 | 251 |
| | $c | Фонд |
| | $1 | 852 |
| | $j | 497 |
| 215 | ## | $a | 23 л. |
| | $d | 36,5х26 см |
| 371 | ## | $a | Документ не является опубликованным и широко распространяемым |
| 105 | ## | $a | y### |
| 122 | 2# | $a | d |
| 035 | ## | $a | 8fbd24d9-20af-42bc-9aea-869228591a3a |
| 856 | ## | $u | http://readingroom.main.prlib.ru/item.aspx?id_node=n122249700&mode=full |